书目信息 |
| 题名: |
全国计算机等级考试三级教程
|
|
| 作者: | 殷人昆 主编 | |
| 分册: | ||
| 出版信息: | 北京 高等教育出版社 2015 |
|
| 页数: | 388页 | |
| 开本: | 26cm | |
| 丛书名: | ||
| 单 册: | ||
| 中图分类: | TP3 , TP311.55 | |
| 科图分类: | ||
| 主题词: | 电子计算机--等级考试--教材 , 软件--测试--等级考试--教材 | |
| 电子资源: | ||
| ISBN: | 978-7-04-044304-2 | |
| 000 | 00991nam0 2200265 450 | |
| 001 | 0103786317 | |
| 005 | 20160617133024.0 | |
| 010 | @a978-7-04-044304-2@dCNY60.00 | |
| 100 | @a20160318d2015 em y0chiy0120 ea | |
| 101 | 0 | @achi |
| 102 | @aCN@b110000 | |
| 105 | @ay z 000yy | |
| 106 | @ar | |
| 200 | 1 | @a全国计算机等级考试三级教程@9Quan Guo Ji Suan Ji Deng Ji Kao Shi San Ji Jiao Cheng @e2016年版@f殷人昆主编@b专著 |
| 210 | @a北京@c高等教育出版社@d2015 | |
| 215 | @a388页@d26cm@e1光盘 | |
| 307 | @a附光盘:ISBN 978-7-89489-639-1 | |
| 330 | @a本书共15章,包括软件测试的基本概念、软件生存周期中测试的实施、代码检查、走查与评审、白盒测试、黑盒测试、单元测试和集成测试、系统测试、软件性能测试和可靠性测试、面向对象软件的测试等。 | |
| 606 | 0 | @a电子计算机@x等级考试@j教材 |
| 606 | 0 | @a软件@x测试@x等级考试@j教材 |
| 690 | @aTP3@v5 | |
| 690 | @aTP311.55@v5 | |
| 701 | 0 | @a殷人昆@f(1945.12~)@4主编@9yin ren kun |
| 801 | 0 | @aCN@bAZmarc@c20230903 |
| 905 | @aBZT@dTP3@e214@f2@sTP3/214 | |
| 全国计算机等级考试三级教程:2016年版/殷人昆主编.-北京:高等教育出版社,2015 |
| 388页;26cm+1光盘 |
| ISBN 978-7-04-044304-2:CNY60.00 |
| 本书共15章,包括软件测试的基本概念、软件生存周期中测试的实施、代码检查、走查与评审、白盒测试、黑盒测试、单元测试和集成测试、系统测试、软件性能测试和可靠性测试、面向对象软件的测试等。 |
| ● |
| 相关链接 |
|
|
|
正题名:全国计算机等级考试三级教程
索取号:TP3/214
 
预约/预借
| 序号 | 登录号 | 条形码 | 馆藏地/架位号 | 状态 | 备注 |
| 1 | 2000000959 | 2000000959 | 旧书回溯/ [索取号:TP3/214] | 在馆 | |
| 2 | 2000007923 | 2000007923 | 旧书回溯/ [索取号:TP3/214] | 在馆 |